Lista squadre partecipanti al Mondiale per Club FIFA 2025 - Statistics

Statistiche generali
  • Questo quiz è stato fatto 149 volte
  • Il punteggio medio è 21 su 32
Statistiche sulle risposte
CONFEDERAZIONE SQUADRA % Corretto
UEFA Inter
100%
UEFA Juventus
100%
UEFA Real Madrid
95%
UEFA PSG/Paris
93%
UEFA Bayern/Monaco
92%
UEFA Chelsea
92%
UEFA Manchester City
92%
UEFA Atletico Madrid
82%
UEFA Borussia Dortmund
79%
CONMEBOL River Plate
79%
CONMEBOL Boca Juniors
77%
UEFA Benfica
76%
CONMEBOL Flamengo
71%
UEFA Porto
70%
AFC Al Hilal
69%
CONMEBOL Botafogo
64%
CONMEBOL Fluminense
64%
CONMEBOL Palmeiras
61%
CONCACAF Inter Miami
60%
OFC Auckland
59%
CONCACAF Monterrey
53%
UEFA Salisburgo
51%
AFC Urawa/Red/Diamonds
49%
CONCACAF LAFC/Los Angeles
48%
AFC Al Ain
47%
CAF Wydad/Casablanca
47%
CAF Mamelodi/Sundowns
46%
CAF Al Ahly
44%
CONCACAF Seattle
44%
CONCACAF Pachuca
41%
CAF Esperance/Tunis
39%
AFC Ulsan
29%
Nessun quiz corrispondente trovato
Distribuzione punteggi
Percentuale di utenti per punteggio
Percentile per numero di risposta
I tuoi punteggi nel tempo
Non hai fatto questo quiz